000 00748nam a2200217Ia 4500
001 22818
003 GE_BSU
008 181216s||||||||xx |||||||||||||| ||und||
040 _cGE_BSU
245 _aРеферативный журнал. Экономика промышленности. №6. 2018
245 _b20.Экономика промышленности.
245 _cГл. ред. Ран П.А Минакир, и др.
260 _aМосква
260 _bВинити
260 _c2018
300 _a160 стр. 26см.
653 _aПериодика
653 _aРеферативный журнал. Экономика промышленности. №6. 2018
653 _aპერიოდიკა
942 _cCR
999 _c55723
_d55723